Crime and control in early colonial Bengal 1770-18 (Record no. 523407)

MARC details
000 -LEADER
fixed length control field 00830nam a2200277Ia 4500
003 - CONTROL NUMBER IDENTIFIER
control field OSt
005 - DATE AND TIME OF LATEST TRANSACTION
control field 20220925192811.0
008 - FIXED-LENGTH DATA ELEMENTS--GENERAL INFORMATION
fixed length control field 220923b |||||||| |||| 00| 0 eng d
020 ## - INTERNATIONAL STANDARD BOOK NUMBER
International Standard Book Number 8170742277
037 ## - SOURCE OF ACQUISITION
Terms of availability General Book
040 ## - CATALOGING SOURCE
Original cataloging agency RTL
Transcribing agency RTL
Language of cataloging eng
041 ## - LANGUAGE CODE
Source of code eng
Language code of text/sound track or separate title eng
100 ## - MAIN ENTRY--PERSONAL NAME
Personal name Chattopadhyay Basudeb
9 (RLIN) 2453
245 #0 - TITLE STATEMENT
Title Crime and control in early colonial Bengal 1770-18
260 ## - PUBLICATION, DISTRIBUTION, ETC.
Place of publication, distribution, etc. Calcutta
Name of publisher, distributor, etc. K P Bagchi
Date of publication, distribution, etc. 2000
300 ## - PHYSICAL DESCRIPTION
Extent xvii, 215p
Dimensions cm.
490 ## - SERIES STATEMENT
Series statement University of Calcutta, History (Deptt of-), Monograph; 21
500 ## - GENERAL NOTE
General note Bibliography: P 195-208
650 ## - SUBJECT ADDED ENTRY--TOPICAL TERM
Topical term or geographic name entry element Sociology
650 ## - SUBJECT ADDED ENTRY--TOPICAL TERM
Topical term or geographic name entry element Crime
9 (RLIN) 237672
942 ## - ADDED ENTRY ELEMENTS (KOHA)
Classification part Y:45:5.275.M6, P0
Koha item type General Books
Source of classification or shelving scheme Colon Classification (CC)

No items available.

Copyright @ Delhi University Library System